General Knowledge #8 - Statistics

General Stats
  • This quiz has been taken 56 times
  • The average score is 10 of 15
Answer Stats
Question Answer % Correct
How many sides does a hexagon have? 6
98%
Who founded the company Amazon? Jeff Bezos
89%
What galaxy do we live in? Milky Way
87%
Name a country in Europe that starts with the letter E Estonia
80%
How many nights of Hanukkah are there? 8
76%
In what country is the worlds tallest building? United Arab Emirates
74%
What does XL stand for in Roman numerals? 40
72%
Who was the first female pilot to fly alone across the Atlantic? Amelia Earhart
72%
What country starts with the letters ‘Me’? Mexico
63%
What date is known as Star Wars day? May 4th
61%
What was the first state in the U.S.? Delaware
59%
Name an animal that can’t jump that starts with the letter R Rhino
59%
How many time zones are there in the world? 24
57%
What is Captain America’s real name? Steve Rogers
30%
What is the average height for women in the U.S.? 5 feet 4 inches
15%
No matching quizzes found
Score Distribution
Percent of People with Each Score
Percentile by Number Answered
Your Score History
You have not taken this quiz